Anales hidrográficos. /

Guardado en:
Autor Corporativo: Secretaría de aeronáutica
Formato: Libro
Idioma:Spanish
Publicado: Buenos Aires : Instituto Geográfico Militar, 192-.
Etiquetas: Agregar Etiqueta
Sin Etiquetas, Sea el primero en etiquetar este registro!
LEADER 00491nam a22001455a 4500
001 EUN.um021646
003 AR-BaUNS
005 20050623122900.0
008 041125s192-####ag#a##########000#0#spa#d
245 1 0 |a Anales hidrográficos. /  |c Secretaría de aeronáutica. 
260 |a Buenos Aires :  |b Instituto Geográfico Militar,  |c 192-. 
300 |a v. :  |b ilus. ;  |c 25,5 cm. 
082 0 4 |a 551.49 
110 2 |a Secretaría de aeronáutica  |c Argentina. 
859 |a Ar-BaUNS  |b BIB. CENTRAL - Sector C  |h 551.49  |i Ar37  |p 1545/956  |v 5